Adaptive sampling
Guardat en:
| Autors principals: | , |
|---|---|
| Format: | Llibre |
| Idioma: | anglès |
| Publicat: |
Nueva York
John Wiley
1996
|
| Col·lecció: | Wiley Series in Probability and Statistics
|
| Matèries: | |
| Etiquetes: |
Afegir etiqueta
Sense etiquetes, Sigues el primer a etiquetar aquest registre!
|
MARC
| LEADER | 00000nam a2200000 a 4500 | ||
|---|---|---|---|
| 001 | UCS3779 | ||
| 003 | CL-VaPUC | ||
| 008 | 970718e19960000US |||||||||||||||||eng|d | ||
| 082 | 0 | 4 | |a 519.52 |b THO |2 21 |
| 100 | 0 | |a Thompson, Steven K |e author |9 389977 | |
| 700 | 0 | |a Seber, George A |e author |9 389978 | |
| 245 | 1 | 0 | |a Adaptive sampling |
| 300 | |a 265 p | ||
| 942 | |c BK | ||
| 945 | |d 19970718 00:00:00 |a rleighto | ||
| 260 | |a Nueva York |b John Wiley |c 1996 | ||
| 650 | 0 | |a Análisis estadístico |9 269506 | |
| 650 | 0 | |a Análisis de datos |9 269871 | |
| 650 | 7 | |a DISTRIBUCIONES ESTADISTICAS |2 CL-VaPUC |9 339648 | |
| 650 | 7 | |a METODOS ANALITICOS |2 CL-VaPUC |9 358863 | |
| 650 | 7 | |a MUESTRAS ESTADISTICAS |2 CL-VaPUC |9 353559 | |
| 583 | |a last modification |c 19970718 00:00:00 |k Rodrigo Vera | ||
| 490 | 0 | |a Wiley Series in Probability and Statistics | |
| 999 | |c 261334 |d 261332 | ||
| 952 | |0 0 |1 0 |4 0 |6 519_520000000000000_THO_1996 |7 0 |8 A |9 288716 |a BIBGIM |b BIBGIM |d 2019-11-19 |i 3321991 |o 519.52 THO 1996 |p 3321991 |r 2025-01-15 |w 2019-11-19 |y BK |k EST | ||
| 952 | |0 0 |1 0 |4 0 |6 519_520000000000000_THO_1996 |7 0 |8 A |9 288717 |a BIBGIM |b BIBGIM |d 2019-11-19 |i 3456137 |o 519.52 THO 1996 |p 3456137 |r 2025-01-15 |w 2019-11-19 |y BK |k EST | ||